Central Library OPAC University of Rajshahi

Econometrics / (Record no. 35158)

MARC details
000 -LEADER
fixed length control field 00793cam a2200253I 4500
001 - CONTROL NUMBER
control field 35158
003 - CONTROL NUMBER IDENTIFIER
rucl marc code BD-RjUL
005 - DATE AND TIME OF LATEST TRANSACTION
control field 20211209052253.0
008 - FIXED-LENGTH DATA ELEMENTS--GENERAL INFORMATION
fixed length control field 140521r19611951e a b 00100 eng d
035 ## - SYSTEM CONTROL NUMBER
System control number (BD-RjUL) 35252
040 ## - CATALOGING SOURCE
Original cataloging agency DLC
Transcribing agency TOL
Modifying agency TOL
-- m.c.
-- SER
-- BD-RjUL
Language of cataloging eng
041 1# - LANGUAGE CODE
Language code of text/sound track or separate title eng
Language code of original dut
082 ## - DEWEY DECIMAL CLASSIFICATION NUMBER
Classification number 330.015195
Author mark and year TIE 1961
090 ## - LOCALLY ASSIGNED LC-TYPE CALL NUMBER (OCLC); LOCAL CALL NUMBER (OCLC)
Classification number (OCLC) (R) ; Classification number, CALL (RLIN) (NR) HB179
Local cutter number (OCLC) ; Book number/undivided call number, CALL (RLIN) F51
100 1# - MAIN ENTRY--PERSONAL NAME
Personal name Tinbergen, J
Dates associated with a name 1903-
9 (RLIN) 107088
245 10 - TITLE STATEMENT
Title Econometrics /
Statement of responsibility, etc. translated from the Dutch by H. Rijken van Olst.
260 ## - PUBLICATION, DISTRIBUTION, ETC. (IMPRINT)
Place of publication, distribution, etc. London :
Name of publisher, distributor, etc. George Allen & Unwin Ltd.,
Date of publication, distribution, etc. 1951 [Impression 1961].
300 ## - PHYSICAL DESCRIPTION
Pagination xii, 258 p. :
Illustrations diagrs. ;
Size 24 cm.
504 ## - BIBLIOGRAPHY, ETC. NOTE
Bibliography, etc Includes index and Bibliography: p. 247.
650 #0 - SUBJECT ADDED ENTRY--TOPICAL TERM
Topical term or geographic name as entry element Economics, Mathematical.
9 (RLIN) 107089
Topical term or geographic name as entry element Economics
9 (RLIN) 107090
942 ## - ADDED ENTRY ELEMENTS (KOHA)
Source of classification or shelving scheme Dewey Decimal Classification
Koha item type Books
Holdings
Lost status Source of classification or shelving scheme Damaged status Not for loan Collection code Permanent Location Current Location Shelving location Date acquired Source of acquisition Cost, normal purchase price Total Checkouts Full call number Date last seen Copy number Koha item type
  Dewey Decimal Classification   Not For Loan Non-fiction Central Library, University of Rajshahi Central Library, University of Rajshahi Reading Room 05/02/1963 Zeitlinger 25.00   330.015195 TIE 1961 21/05/2014 C-1 Books
  Dewey Decimal Classification     Non-fiction Central Library, University of Rajshahi Central Library, University of Rajshahi   01/07/1963 Zeitlinger 25.00   330.015195 TIE 1961 21/05/2014 C-5 Books
  Dewey Decimal Classification     Non-fiction Central Library, University of Rajshahi Central Library, University of Rajshahi   01/07/1963 Zeithinger 25.00   330.015195 TIE 1961 21/05/2014 C-6 Books
  Dewey Decimal Classification     Non-fiction Central Library, University of Rajshahi Central Library, University of Rajshahi   01/01/1965 Zeit 25.00   330.015195 TIE 1961 22/05/2014 C-9 Books
  Dewey Decimal Classification     Non-fiction Central Library, University of Rajshahi Central Library, University of Rajshahi   18/11/1965 Zeit 25.00   330.015195 TIE 1961 22/05/2014 C-8 Books
  Dewey Decimal Classification     Non-fiction Central Library, University of Rajshahi Central Library, University of Rajshahi   01/01/1965 Zeit 25.00   330.015195 TIE 1961 22/05/2014 C-10 Books